|
|
|
|
| LEADER |
02758nam a2200625 i 4500 |
| 001 |
nkc20182972050 |
| 003 |
CZ PrNK |
| 005 |
20180329090805.0 |
| 007 |
ta |
| 008 |
180124s2017 xr ac e c 000 0dcze |
| 020 |
|
|
|a 978-80-87512-64-7
|q (brožováno)
|
| 040 |
|
|
|a BOA001
|b cze
|e rda
|
| 041 |
1 |
|
|a cze
|a ger
|h cze
|
| 043 |
|
|
|a e-xr---
|
| 045 |
|
|
|a x-y-
|
| 072 |
|
7 |
|a 72/76
|x Výtvarné umění
|2 Konspekt
|9 21
|
| 080 |
|
|
|a 72/76(437.3)
|2 MRF
|
| 080 |
|
|
|a 7.036/.038
|2 MRF
|
| 080 |
|
|
|a (437.3)
|2 MRF
|
| 080 |
|
|
|a (083.824)
|2 MRF
|
| 100 |
1 |
|
|a Sekal, Zbyněk,
|d 1923-1998
|7 jn19990209748
|4 art
|
| 245 |
1 |
0 |
|a Vdovy S :
|b Sekal, Slavík, Sýkora /
|c texty: Duňa Slavíková a Lenka Sýkorová
|
| 246 |
3 |
0 |
|a Sekal, Slavík, Sýkora
|
| 264 |
|
1 |
|a V Roudnici nad Labem :
|b Galerie moderního umění,
|c 2017
|
| 300 |
|
|
|a 49 nečíslovaných stran :
|b ilustrace (převážně barevné), portréty ;
|c 23 cm
|
| 336 |
|
|
|a text
|b txt
|2 rdacontent
|
| 336 |
|
|
|a statický obraz
|b sti
|2 rdacontent
|
| 337 |
|
|
|a bez média
|b n
|2 rdamedia
|
| 338 |
|
|
|a svazek
|b nc
|2 rdacarrier
|
| 500 |
|
|
|a "Katalog vydala Galerie moderního umění v Roudnici nad Labem ... k výstavě Vdovy S - Sekal, Slavík, Sýkora z volného cyklu Téma, která se konala v době od 7.12.2017 do 11.2.2018 v Galerii moderního umění v Roudnici nad Labem."--Tiráž
|
| 500 |
|
|
|a Životopisná data
|
| 500 |
|
|
|a 150 výtisků
|
| 504 |
|
|
|a Obsahuje bibliografie a bibliografické odkazy
|
| 546 |
|
|
|a Souběžný německý text
|
| 600 |
1 |
7 |
|a Sýkora, Zdeněk,
|d 1920-2011
|7 jk01122222
|2 czenas
|
| 600 |
1 |
7 |
|a Sekal, Zbyněk,
|d 1923-1998
|7 jn19990209748
|2 czenas
|
| 600 |
1 |
7 |
|a Slavík, Otakar,
|d 1931-2010
|7 jn20000402228
|2 czenas
|
| 648 |
|
7 |
|a 20.-21. století
|7 ch462155
|2 czenas
|
| 650 |
0 |
7 |
|a české výtvarné umění
|7 ph116865
|y 20.-21. století
|2 czenas
|
| 650 |
0 |
7 |
|a moderní umění
|7 ph115340
|z Česko
|2 czenas
|
| 650 |
0 |
9 |
|a Czech art
|y 20th-21st centuries
|2 eczenas
|
| 650 |
0 |
9 |
|a modern art
|z Czechia
|2 eczenas
|
| 655 |
|
7 |
|a katalogy výstav
|7 fd132536
|2 czenas
|
| 655 |
|
9 |
|a exhibition catalogs
|2 eczenas
|
| 700 |
1 |
|
|a Slavík, Otakar,
|d 1931-2010
|7 jn20000402228
|4 art
|
| 700 |
1 |
|
|a Sýkora, Zdeněk,
|d 1920-2011
|7 jk01122222
|4 art
|
| 700 |
1 |
|
|a Slavíková, Duňa,
|d 1949-
|7 xx0091557
|4 aut
|
| 700 |
1 |
|
|a Sýkorová, Lenka,
|d 1957-
|7 jo2009548063
|4 aut
|
| 710 |
2 |
|
|a Galerie moderního umění (Roudnice nad Labem, Česko)
|7 kn20010709267
|4 orm
|4 isb
|
| 856 |
4 |
1 |
|u http://www.digitalniknihovna.cz/mzk/uuid/uuid:943e33a0-5f10-11e8-8637-005056827e51
|y Digitalizovaný dokument
|x NDK
|
| 910 |
2 |
|
|a BOA001
|b 2-1401.598
|
| 990 |
|
|
|a BK
|
| 995 |
|
|
|a 11
|
| 991 |
|
|
|b 201802
|c NOV
|
| 996 |
6 |
|
|b 2610732554
|c 2-1401.598
|l MZK
|r Sklad / do 1 hodiny
|n 1
|p p.v.
|w 001649880
|u 000010
|a 1
|e BOA001
|j MZK50
|s P
|